La lengua oral en la educación inicial /
Guardado en:
| Autor Principal: | |
|---|---|
| Formato: | Libro |
| Publicado: |
Rosario :
Homo Sapiens,
1998
|
| Series: | Serie Educación
|
| Materias: | |
| Etiquetas: |
Agregar Etiqueta
Sin Etiquetas, Sea el primero en etiquetar este registro!
|
| LEADER | 01205nam a22002655a 4500 | ||
|---|---|---|---|
| 001 | CEM.cems009871 | ||
| 005 | 20080704114209.0 | ||
| 008 | 130507s1998##################000#0#####d | ||
| 003 | CEMS | ||
| 020 | |a 9508081228 | ||
| 082 | 0 | 4 | |a 372.21 |
| 100 | 1 | |a Miretti, María Luisa | |
| 245 | 1 | 0 | |a La lengua oral en la educación inicial / |c María Luisa Miretti |
| 260 | |a Rosario : |b Homo Sapiens, |c 1998 | ||
| 300 | |a 154 p. | ||
| 490 | 0 | |a Serie Educación | |
| 500 | |a Red Federal de Formación Docente Continua | ||
| 505 | 0 | |a Acerca de lengua y literatura -- Acerca de lengua y lenguaje -- Características del aprendizaje en la adquisición de la lengua -- Características linguisticas del niño de educación inicial -- El lenguaje y el juego -- El lenguaje oral -- Desde las ciencias del lenguaje -- El lenguaje oral en el nivel inicial -- Los aportes de Bruner -- Cómo actuar ante el niño de Educación inicial -- Actividades para la lengua oral | |
| 653 | |a Educación | ||
| 653 | |a Nivel incial | ||
| 653 | |a Nivel incial-didáctica | ||
| 653 | |a Nivel inicial-lenguaje | ||
| 653 | |a Lengua oral | ||
| 653 | |a Nivel incial-lengua oral | ||
| 859 | |a CEMS |b BIB. CEMS - 11 de abril |h 372.21 |i M675 |p 20186.99 |t Ej.1 | ||
